00209nam a2200073Ia 4500008004100000082000800041100001300049245007300062240331s9999 xx 000 0 und d bPRO aLogo. ed 0aProposed Educational Reforms 1982 :bLogos, Vol.21, No.1, March 1982